La revolución peronista /

Guardado en:
Autor Principal: Cámpora, Héctor J.
Formato: Libro
Publicado: Buenos Aires : Eudeba, 1973
Materias:
Etiquetas: Agregar Etiqueta
Sin Etiquetas, Sea el primero en etiquetar este registro!
LEADER 00548nam a22001815a 4500
001 CEM.cems009232
005 20090904112754.0
008 130507s1973##################000#0#####d
003 CEMS
082 0 4 |a 982.06 
100 1 |a Cámpora, Héctor J. 
245 1 0 |a La revolución peronista /  |c Héctor J. Cámpora 
260 |a Buenos Aires :  |b Eudeba,  |c 1973 
300 |a 205 p. 
653 |a Cámpora, héctor-presidencia 
653 |a Historia argentian 1973-1976 
653 |a Política argentina 
859 |a CEMS  |b BIB. CEMS - 11 de abril  |h 982.06  |i C158  |p 18778.96  |t Ej.1